书目信息 |
| 题名: |
生理学基本知识
|
|
| 作者: | ;吉林医科大学 编 | |
| 分册: | ||
| 出版信息: | 北京 人民教育出版社 1979 |
|
| 页数: | 259页 | |
| 开本: | 20cm | |
| 丛书名: | ||
| 单 册: | ||
| 中图分类: | R33 , Q4 | |
| 科图分类: | ||
| 主题词: | 人体生理学--基本知识 , 生理学 | |
| 电子资源: | ||
| ISBN: | ||
| 000 | 00649nam0 2200253 45 | |
| 001 | 0179008700 | |
| 005 | 20040525081023.5 | |
| 010 | @dCNY0.77 | |
| 091 | @a14012.029 | |
| 100 | @a19950803d1979 em y0chiy0121 ea | |
| 101 | 0 | @achi |
| 102 | @aCN@b110000 | |
| 105 | @ay z 000yy | |
| 106 | @ar | |
| 200 | 10 | @a生理学基本知识@Asheng li xue ji ben zhi shi@f吉林医科大学编 |
| 210 | @a北京@c人民教育出版社@d1979 | |
| 215 | @a259页@d20cm | |
| 606 | @a人体生理学@x基本知识 | |
| 606 | 0 | @a生理学 |
| 690 | @aR33@v3 | |
| 690 | @aQ4 | |
| 711 | 02 | @a吉林医科大学@Aji lin yi ke da xue@4编 |
| 801 | 0 | @aCN@bNLC@c20040525 |
| 905 | @f3@b21769-771@dQ4@e3 | |
| 生理学基本知识/吉林医科大学编.-北京:人民教育出版社,1979 |
| 259页;20cm |
| ISBN :CNY0.77 |
| ● |
| 相关链接 |
|
|
|
|
正题名:生理学基本知识
索取号:Q4/3
 
预约/预借
| 序号 | 登录号 | 条形码 | 馆藏地/架位号 | 状态 | 备注 |
| 1 | 0021769 | 000077133 | 第二样本阅览室/ [索取号:Q4/3] | 在馆 | |
| 2 | 0021770 | 000077115 | 第三借阅区/ [索取号:Q4/3] | 在馆 | |
| 3 | 0021771 | 000077124 | 密集书库/ [索取号:Q4/3] | 在馆 |